A la rueda, rueda ... : antología de folclore latinoamericano /
Guardado en:
| Autor Principal: | |
|---|---|
| Otros Autores: | |
| Formato: | Libro |
| Publicado: |
Buenos Aires :
Aique,
2013
|
| Edición: | 1a. reimp. |
| Series: | Sopa de libros ; 53
|
| Materias: | |
| Etiquetas: |
Agregar Etiqueta
Sin Etiquetas, Sea el primero en etiquetar este registro!
|
| LEADER | 00977nam a22002895a 4500 | ||
|---|---|---|---|
| 001 | CEM.cems015555 | ||
| 005 | 20191213153817.0 | ||
| 008 | 130507s2013##################000#0#####d | ||
| 003 | CEMS | ||
| 020 | |a 9789870603177 | ||
| 082 | 0 | 4 | |a H868.4 |
| 100 | 1 | |a Cerrillo, Pedro | |
| 245 | 1 | 0 | |a A la rueda, rueda ... : |b antología de folclore latinoamericano / |c Compilado Por Pedro Cerrillo ; ilustrado Por Noemí Villamuza |
| 250 | |a 1a. reimp. | ||
| 260 | |a Buenos Aires : |b Aique, |c 2013 | ||
| 300 | |a 96 p. | ||
| 490 | 0 | |a Sopa de libros ; 53 | |
| 505 | 0 | |a Adivinanzas -- Canciones Escenificadas -- Suertes -- Burlas -- Trabalenguas | |
| 653 | |a Literatura | ||
| 653 | |a Literatura latinoamericana | ||
| 653 | |a Literatura infantil | ||
| 653 | |a Cuentos infantiles | ||
| 653 | |a Colección ciencias de la educación | ||
| 653 | |a Canciones | ||
| 653 | |a Trabalenguas | ||
| 700 | 1 | |a Villamuza, Noemí; il. | |
| 859 | |a CEMS |b BIB. CEMS - Ccias. Educacion |h H868.4 |i C336 |k CE |p 28995.19 |t Ej.1 | ||
